[Event "FIDE-Wch k.o."]
[Site "Moscow"]
[Date "2001.12.02"]
[Round "3.3"]
[White "Shirov, Alexei"]
[Black "Motylev, Alexander"]
[Result "1-0"]
[WhiteElo "2706"]
[BlackElo "2641"]
[Annotator "Huzman,A"]
[PlyCount "25"]
[EventDate "2001.11.27"]
[EventType "k.o."]
[EventRounds "7"]
[EventCountry "RUS"]
[SourceTitle "CBM 086"]
[Source "ChessBase"]
[SourceDate "2002.02.05"]
[SourceVersion "1"]
[SourceVersionDate "2002.02.05"]
[SourceQuality "1"]

1. d4 d5 2. c4 dxc4 3. e4 c5 4. d5 Nf6 5. Nc3 b5 6. Bf4 Ba6 7. Nf3 b4 (7... Qa5
8. a4 b4 9. Nb5 Bxb5 10. axb5 Qxb5 11. Nd2 $44) 8. Bxb8 bxc3 (8... Qxb8 9. Qa4+
Nd7 10. Qxa6 bxc3 11. bxc3 Qb2 12. Rd1 Qxc3+ 13. Nd2 $16) (8... Rxb8 9. Qa4+
Qd7 10. Qxa6 bxc3 11. bxc3 Nxe4 12. Ne5 $16) 9. Qa4+ Qd7 10. Qxa6 cxb2 11. Rb1
Rxb8 12. Ne5 Qb7 $4 {[%mdl 8192] It is pity that such interesting match is
desides in blitz game when both of opponents were very tired.(Due to new FIDE
regulations tie-breaks were played the same evening as second match game.)} (
12... Qc7 13. Qa4+ Nd7 14. Nxc4 g6 15. Qc6 (15. Rxb2 Rxb2 16. Nxb2 Bg7 17. Nc4
O-O $15) 15... Kd8 (15... Qf4 16. Bd3 Qc1+ 17. Ke2 $36) 16. e5 {1/2-1/2
Fellner,W-Olbrisch,M/GER-ch23 sf9 corr 1991/Corr 2000 (16)}) (12... Qd6 13.
Qa4+ (13. Nc6 Qf4 14. Nxb8 Qc1+ 15. Ke2 Qc2+ 16. Ke3 Qc3+ 17. Kf4 Qc1+ 18. Kf3
Qc3+ $11) 13... Nd7 14. Nxc4 Qf6 15. Bd3 Qc3+ 16. Ke2 $44) 13. Rxb2 $1 (13.
Rxb2 Qxb2 (13... Qxa6 14. Rxb8+ Qc8 15. Rxc8#) 14. Qc6+ Kd8 15. Nxf7#) 1-0

[Event "Linklater Memorial"]
[Site "San Francisco"]
[Date "2001.03.06"]
[Round "9"]
[White "Krechetov, Alexandr"]
[Black "Baburin, Alexander"]
[Result "1-0"]
[WhiteElo "2300"]
[BlackElo "2598"]
[Annotator "Huzman,A"]
[PlyCount "91"]
[EventDate "2001.02.26"]
[EventType "tourn"]
[EventRounds "10"]
[EventCountry "USA"]
[EventCategory "8"]
[SourceTitle "CBM 082"]
[Source "ChessBase"]
[SourceDate "2001.05.17"]
[SourceVersion "1"]
[SourceVersionDate "2001.05.17"]
[SourceQuality "1"]

1. d4 d5 2. c4 dxc4 3. e4 Nc6 4. d5 Ne5 5. Qd4 Ng6 6. Nf3 e5 7. Qxc4 (7. Nxe5
Bb4+ 8. Bd2 c5 9. Nxf7 cxd4 10. Nxd8 c3 11. Nxc3 dxc3 12. bxc3 Ba5 $17 {
Nunez,A-Valdes,L/Cuba 1990/ (12)}) 7... a6 (7... Nf6 8. g3 Bd7 9. Nc3 a6 10. a3
b5 11. Qe2 c5 12. dxc6 {1/2-1/2 Sherbakov,R-Komarov,D/Niksic 1996/EXT 99 (12)})
8. Be3 (8. g3 Bd6 9. Bg2 N8e7 (9... Nf6 10. O-O O-O 11. Rd1 Bd7 12. Be3 Qe7 13.
h3 h6 14. Qd3 c5 15. a4 b5 16. b3 Rfc8 17. Nc3 Qe8 18. axb5 axb5 19. Bf1 Rab8
20. Ra6 $14 {1-0 Sorokin,M-Scarella,E/San Martin 1993/CBM 37 ext (56)}) 10. O-O
c6 11. dxc6 Be6 12. Qe2 Nxc6 13. Rd1 Qc7 14. Be3 Rd8 15. Nc3 f6 16. Nd5 Qf7 17.
Bb6 Rd7 18. Rd2 Nce7 19. Rad1 Nxd5 20. exd5 Bg4 21. Ng5 Bxe2 22. Nxf7 Bxd1 23.
Nxh8 Bh5 24. Nxg6 Bxg6 $11 {0-1 Sorokin,M-Maljutin,E/Wisla 1992/TD (76)}) 8...
Bd6 9. Nbd2 N8e7 {[%cal Yc7c6,Yf7f5]} (9... Nf6 $5 10. Rc1 O-O 11. g3 Ng4 12.
Bc5 f5 $132) 10. Rd1 O-O (10... f5 $5) 11. Qc2 f5 12. Bd3 f4 (12... b6 $5) 13.
Bc5 Kh8 14. O-O Ng8 15. Rc1 Nh4 16. Bxd6 Nxf3+ 17. Nxf3 cxd6 18. Qc7 $36 {
This position reminds me King`s Indian defence,which I had pleasure to
annotate for CBM for many years.Even without Black-square Bishop,which is
nornally useless for Black,Which has clear advantage,as they are controlling
"c" line} Qf6 19. Kh1 Ne7 20. Nd2 f3 (20... Ng6 21. f3 {[%cal Gd2c4,Gc4d6,
Gc4b6]} b5 22. Rc6 Rd8 23. Rfc1 Rd7 24. Qb6 $16) 21. Nxf3 Ng6 22. Ne1 Bg4 23.
Qb6 $16 Rac8 24. Rc3 Rxc3 25. bxc3 Nf4 26. f3 Bc8 27. c4 h5 28. c5 dxc5 29.
Qxc5 h4 30. Qc3 (30. Rf2 b6 31. Qc7) 30... Bd7 31. Rg1 Rc8 32. Qd2 Kg8 33. Bf1
Nh5 {/\34...Ng3} 34. g3 hxg3 35. hxg3 Kf7 36. Kg2 Qg6 (36... Rh8 37. Kf2 Qb6+
38. Qe3 Qb2+ 39. Be2 Bb5 (39... Qxa2 40. Nd3 Re8 41. Qg5 $18) 40. Nd3 Bxd3 41.
Qxd3 Qxa2 42. Rc1 $16) 37. Kf2 Qb6+ 38. Qe3 Qb2+ 39. Qe2 (39. Be2 Bb5 40. Nd3
Bxd3 41. Qxd3 Qxa2 42. Qb1 Qxb1 43. Rxb1 b5 (43... Rc7 44. Rb6 Nf6 45. d6 Rd7 (
45... Rc2 46. Rxb7+ Ke6 47. Rxg7 Kxd6 48. Ra7 $16) 46. Bc4+ Kf8 47. Be6 Rd8 48.
Ke3 $16) 44. Ra1 Rc2 45. Rxa6 Nxg3 46. Kxg3 Rxe2 47. Rb6 Rb2 48. Re6 $16) 39...
Qa1 (39... Qb6+ 40. Qe3) 40. Qd2 Nf6 41. Be2 Rc1 $4 42. Nc2 $18 Rxc2 43. Qxc2
Qd4+ 44. Kg2 Bh3+ 45. Kh1 Qf2 46. Bd1 1-0

[Event "FIDE World Cup-B"]
[Site "Hyderabad"]
[Date "2002.10.11"]
[Round "2"]
[White "Azmaiparashvili, Zurab"]
[Black "Rublevsky, Sergei"]
[Result "0-1"]
[WhiteElo "2666"]
[BlackElo "2664"]
[Annotator "Huzman,A"]
[PlyCount "116"]
[EventDate "2002.10.05"]
[EventType "tourn"]
[EventRounds "5"]
[EventCountry "IND"]
[EventCategory "14"]
[SourceTitle "CBM 092"]
[Source "ChessBase"]
[SourceDate "2003.02.06"]
[SourceVersion "1"]
[SourceVersionDate "2003.02.06"]
[SourceQuality "1"]

1. d4 d5 2. c4 dxc4 3. e4 e5 4. Nf3 exd4 5. Bxc4 Bb4+ 6. Nbd2 Nc6 7. O-O Nf6 8.
e5 Nd5 9. a3 Be7 10. Qb3 Na5 11. Qa4+ Nc6 12. Nxd4 Nb6 13. Nxc6 Nxa4 14. Nxd8
Bxd8 15. f4 (15. Ne4 Be7 {[%cal Ya4c5]} 16. b4 Nb6 17. Be2 Bf5 18. Ng3 Be6 19.
f4 f5 20. Be3 Nd5 21. Bc5 $14 {1/2-1/2 Jobava,B-Rublevsky,S/Moscow 2002/CBM 88/
[Huzman] (51)}) 15... Nb6 16. Bb3 (16. Bd3 g6 17. Be4 Rb8 18. Nf3 Be6 19. Be3
Bd5 20. Bxb6 Bxe4 21. Bxa7 Ra8 22. Be3 O-O 23. Rfd1 f6 24. Nd2 Bd5 25. Bd4 fxe5
26. Bxe5 c6 27. Nf1 g5 28. Ne3 Bb6 29. Bd4 Bxd4 30. Rxd4 Rxf4 31. Rxf4 gxf4 32.
Nxd5 cxd5 33. Rd1 Rc8 $14 {1-0 Milov,V-Howell,J/Isle of Man 1994/EXT 97 (54) /
+/-}) (16. Ba2 Be6 (16... g6 17. Ne4 Be7 18. Be3 Be6 19. Bxe6 fxe6 20. Rac1 Nd5
21. Bc5 Bxc5+ 22. Nxc5 Ke7 23. b4 $14 {1/2-1/2 Vyzmanavin,A-Rublevsky,S/Moscow
1991/URS-ch/[Ftacnik] (37)}) 17. Bxe6 fxe6 18. Ne4 Be7 19. Be3 O-O-O 20. Bc5
Bxc5+ 21. Nxc5 Rhe8 $11 {1/2-1/2 Flear,G-Sadler,M/Isle of Man 1994/EXT 97 (31)}
) 16... g6 (16... Be6 17. f5 Bxb3 18. Nxb3 $36) 17. a4 $5 (17. Ne4 Be7 (17...
Be6 $140 18. Bxe6 fxe6 19. Nc5 $16) 18. Be3 Be6 19. Bxe6 fxe6 20. Rac1 (20. Bc5
Nd5 $11) 20... Nd5 21. Bc5 Bxc5+ 22. Nxc5 Ke7 23. b4 Rhb8 24. Rf3 c6 25. Nb3
Rf8 26. Rc4 $1 $16 {Gagunashvili,M-Rublevsky,S,Bled2002(54)}) 17... Be6 18. a5
Nd5 (18... Bxb3 $6 19. axb6 (19. Nxb3 $5 Nd5 20. Nc5 Rb8 21. f5 $36) 19... Bd5
20. Rxa7 Rc8 21. Re1 cxb6 (21... c6 22. Rxb7 c5 23. Ra7 Bxb6 24. Ra6 $16) (
21... c5 22. Ne4 $16) 22. Nf3 $16) 19. Ne4 Be7 20. Ba4+ (20. a6 $6 b5 (20... b6
21. Ba4+ Bd7 22. Bxd7+ Kxd7 23. f5 gxf5 24. Rxf5 Ke6 25. Rh5 Rag8 $132) 21. Bd2
c5 $36 (21... Nxf4 $1 22. Bxe6 Nxe6 23. Be3 $44)) 20... c6 (20... Bd7 21. Bxd7+
Kxd7 22. f5 $36) 21. Bd2 O-O-O $11 {Black has successfully solved his opening
problems. Trying to seize an initiative, White gets carried away.} 22. a6 b5
23. Bb3 Kb8 $6 (23... Nxf4 $2 24. Bxe6+ Nxe6 25. Rxf7 $16) (23... c5 $5 24. Ra5
c4 25. Bd1 $13) 24. Rac1 Nc7 $1 25. Bxe6 Nxe6 26. Be3 (26. Rxc6 $5 Nd4 27. Rd6
$8 Bxd6 28. Nxd6 Rd7 29. Be3 Nf5 30. Bc5 $44) 26... Rd3 27. Rf3 $2 (27. Kf2 $1
Rc8 28. Rfd1 Rd5 29. g4 $36) 27... Nd4 28. Bxd4 Rxd4 29. Ng5 $2 (29. Nc5 Rd2 (
29... Rd5 30. Ne4 Rd4 $11) 30. Rf2 Rhd8 31. Nb7 Rd1+ 32. Rf1 Rxf1+ 33. Kxf1 Rd4
34. Na5 Rxf4+ 35. Kg1 Kc7 36. Nxc6 Bf8 37. Nxa7+ Kb6 38. Nc8+ Kxa6 39. Nd6 $11)
29... Rxf4 $1 30. Nxf7 (30. Rxf4 Bxg5 31. Rcf1 Bxf4 32. Rxf4 Kc7 33. Rxf7+ Kb6
$17) 30... Rxf3 31. gxf3 Rf8 32. e6 (32. Nd6 Kc7 33. Nxb5+ Kb6 34. Nd6 Bxd6 35.
exd6 Rxf3 36. Rd1 Rf8 $17) 32... Kc7 33. Rd1 Re8 $1 $17 {[%csl Re6][%cal Ye7f6]
} 34. Kg2 Bf6 35. Rd7+ Kb6 36. Nd6 Rxe6 37. b4 $1 c5 $8 38. bxc5+ (38. Nc8+ Kc6
39. Rxa7 (39. Rb7 cxb4 40. Nxa7+ Kc5 41. Rxb5+ Kc4 42. Ra5 Re8 (42... b3 43.
Nb5 $132) 43. Nb5 (43. Nc6 b3 44. a7 Ra8 $19) 43... Be5 $1 44. a7 Ra8 $19)
39... cxb4 40. Rf7 Bd4 41. a7 Re2+ 42. Kg3 Ra2 $19 {[%cal Yb4b1]}) 38... Kxc5
39. Ne4+ Kb4 (39... Kb6 40. Rb7+ Ka5 41. Rxa7 Be7 42. Nc3 $132) 40. Rxa7 Bd4 $1
41. Rd7 Be3 42. Nd6 (42. Rxh7 $142 Rxa6 43. h4 $17) 42... Bc5 {/\43...Re2,44...
Ra2} 43. Kh3 Re3 $1 44. Kg4 Rd3 $19 45. a7 h5+ $1 46. Kg5 Bxa7 47. Rxa7 Rxd6
48. f4 Kc5 $1 49. Rc7+ Rc6 50. Rf7 b4 51. f5 gxf5 52. Kxh5 (52. Rxf5+ Kb6 53.
Rf1 (53. Kxh5 Rc5 $19) 53... Rc5+ 54. Kf4 Kb5 $19) 52... Kc4 53. Kg5 b3 54. Rd7
(54. Rb7 Rc5 $19) 54... Rc5 55. h4 b2 56. Rd1 Kb3 57. Rf1 Ka2 58. h5 Rc8 0-1

[Event "RUS-chT 09th Group2"]
[Site "Ekaterinburg"]
[Date "2002.05.22"]
[Round "6"]
[White "Shcherbakov, Ruslan"]
[Black "Rublevsky, Sergei"]
[Result "1/2-1/2"]
[WhiteElo "2549"]
[BlackElo "2657"]
[Annotator "Huzman,A"]
[PlyCount "45"]
[EventDate "2002.05.17"]
[EventType "team-tourn"]
[EventRounds "7"]
[EventCountry "RUS"]
[SourceTitle "CBM 090"]
[Source "ChessBase"]
[SourceDate "2002.09.20"]
[SourceVersion "1"]
[SourceVersionDate "2002.09.20"]
[SourceQuality "1"]
[WhiteTeam "Satka Magnezit"]
[BlackTeam "Kazan Ladya"]
[WhiteTeamCountry "RUS"]
[BlackTeamCountry "RUS"]

1. d4 d5 2. c4 dxc4 3. e4 e5 4. Nf3 exd4 5. Bxc4 Bb4+ 6. Nbd2 Nc6 7. O-O Nf6 8.
e5 Nd5 9. Nb3 Nb6 10. Bg5 Be7 11. Bxe7 Qxe7 12. Bb5 Bd7 13. Bxc6 Bxc6 14. Nfxd4
Bd5 15. Qg4 O-O 16. f4 g6 17. Rae1 (17. Nf5 Qd7 (17... Qd8 18. Nh6+ Kg7 19. Qg5
Bxb3 20. axb3 Nd5 21. Ng4 f5 22. exf6+ Nxf6 23. Nxf6 Rxf6 24. Rad1 {1/2-1/2
Goldin,A-Rublevsky,S/Niksic 1997/EXT 2002 (24)}) 18. Nh6+ Kg7 19. Qg5 Bxb3 (
19... f6 20. exf6+ Rxf6 21. Nd4 Re8 22. Ng4 Rff8 23. f5 c5 24. fxg6 cxd4 25.
Rf7+ {1-0 Michaelsen,N-Putzbach,G/Hamburg 1991/TD (25)}) 20. axb3 Qd8 21. Nf5+
Kh8 22. Ne7 Nd5 23. Nxd5 Qxd5 $11 {1/2-1/2 Sokolov,I-Huebner,R/Haifa 1989/
EU-chT (66)}) (17. Rfe1 f5 18. Qg3 c5 19. Nb5 Nc4 20. Rad1 Be6 21. Qc3 b6 22.
Nd2 Nxd2 23. Rxd2 Rad8 24. Nd6 Rd7 25. a4 $16 {^D. 1-0 Michaelsen,N-Putzbach,G/
Hamburg 1991/CBM 24 ext (36)}) 17... f5 $146 {By this novelty Black stops the
development of the White initiative on the king's side like in the following
game:} (17... Bc4 18. f5 Bxf1 19. f6 Qb4 20. Qh4 Rfe8 21. a3 Qf8 22. e6 Bc4 23.
e7 Rxe7 24. fxe7 Qe8 25. Nc5 Bd5 26. Qf6 Nd7 27. Nxd7 Qxd7 28. Nf5 gxf5 29.
Qg5+ Kh8 30. Qf6+ Kg8 31. Re3 Bf3 32. Qg5+ Kh8 33. Qf6+ Kg8 34. gxf3 Re8 35.
Qg5+ Kh8 36. Qf6+ Kg8 37. Qg5+ Kh8 {1/2-1/2 Sakaev,K-Rublevsky,S/Vrnjacka
Banja 1999/EXT 2000 (37)}) 18. exf6 Qxf6 19. f5 (19. Ne6 Bxe6 20. Rxe6 Qf5 $11)
19... Bc4 $1 20. Rf3 Bd5 (20... Rae8 $5) 21. Rff1 (21. fxg6 Bxf3 (21... Qxg6
22. Qxg6+ hxg6 $11) 22. gxh7+ Kh8 23. Nxf3 Qxb2 $13) 21... Bc4 22. Rf3 Bd5 23.
Rff1 1/2-1/2

[Event "RUS-chT 09th Group2"]
[Site "Ekaterinburg"]
[Date "2002.05.20"]
[Round "4"]
[White "Volkov, Sergey"]
[Black "Rublevsky, Sergei"]
[Result "1/2-1/2"]
[WhiteElo "2609"]
[BlackElo "2657"]
[Annotator "Huzman,A"]
[PlyCount "69"]
[EventDate "2002.05.17"]
[EventType "team-tourn"]
[EventRounds "7"]
[EventCountry "RUS"]
[SourceTitle "CBM 090"]
[Source "ChessBase"]
[SourceDate "2002.09.20"]
[SourceVersion "1"]
[SourceVersionDate "2002.09.20"]
[SourceQuality "1"]
[WhiteTeam "Maykop Universitet"]
[BlackTeam "Kazan Ladya"]
[WhiteTeamCountry "RUS"]
[BlackTeamCountry "RUS"]

1. d4 d5 2. c4 dxc4 3. e4 e5 4. Nf3 exd4 5. Bxc4 Bb4+ 6. Bd2 Bxd2+ 7. Nbxd2 Qf6
8. O-O Ne7 9. e5 Qg6 10. Nxd4 Nbc6 11. N2f3 O-O 12. e6 fxe6 (12... Bxe6 13.
Nxe6 fxe6 14. Re1 Kh8 15. Rxe6 Qg4 16. Qe2 Ng6 17. h3 Qf5 18. Bd3 Nf4 19. Bxf5
Nxe2+ 20. Rxe2 Rxf5 21. Rd1 {1/2-1/2 Komarov,D-Rublevsky,S/Vrnjacka Banja 1999/
EXT 2000 (29)}) 13. Re1 (13. Nb5 Nd5 (13... Kh8 {Ftacnik} 14. Nxc7 Rb8 15. Qe2
Nd5 16. Nxd5 exd5 17. Bxd5 Bg4 18. Qe4 Qh5 19. Qc4 Na5 20. Qb4 Nc6 21. Qc4 Na5
22. Qa4 b5 23. Qb4 Nc4 24. Rad1 a5 25. Qc3 $16 {1/2-1/2 Shirov,A-Spangenberg,H/
Buenos Aires 1993/CBM 35/[Ftacnik] (32)}) 14. Bxd5 exd5 15. Nxc7 Rb8 16. Qxd5+
Kh8 17. Rae1 Bg4 18. Ne5 Nxe5 19. Qxe5 $16 {1-0 Karpov,A-Spangenberg,H/Buenos
Aires 1994/EXT 98 (68)}) 13... Nxd4 14. Ne5 (14. Nxd4 Rd8 15. Nxe6 {1/2-1/2
Sakaev,K-Rublevsky,S/Herceg Novi 2000/EXT 2001 (15)}) 14... Nf3+ 15. Nxf3 Nd5
16. Bxd5 exd5 17. Qxd5+ Qf7 18. Qd4 {White tries to fight for the initiative.
But Black has no weaknesses and his position is very solid.} (18. Qxf7+ Rxf7
19. Ng5 Rf8 20. Rac1 h6 21. Ne4 Rf7 22. Rcd1 Bf5 $11 {1/2-1/2 Dreev,A-Rudolph,
J/Frankfurt 2000/CBM 76 ext (48)}) 18... Bf5 19. Rac1 (19. Ne5 Qf6 20. Rac1 c6
$11) 19... c6 20. a3 Qf6 $11 21. Qb4 b6 $6 (21... Be6 $5 22. Qxb7 Bd5 23. Re3
Rfb8 24. Qe7 Qxe7 25. Rxe7 Rxb2 26. Nd4 $36 {[%cal Gd4f5,Gd4c6]}) (21... Rf7
$11) 22. Qc4+ Kh8 23. b4 Rac8 {[%cal Yc6c5]} 24. Re5 h6 25. Rce1 Bh7 {[%cal
Yf8f2]} 26. Re6 (26. Re7 $5 Bg8 27. Qh4 Bd5 28. Qxf6 Rxf6 29. Ne5 $14) 26...
Qb2 27. R6e2 (27. Re7 Bg8 $132 {[%cal Yg8d5,Yd5f3]}) 27... Qf6 28. Re6 Qb2 29.
Rxc6 Rxc6 30. Qxc6 Qxa3 31. Qd6 Rf6 32. Qd4 a5 $11 33. bxa5 bxa5 34. Ra1 Rb6
35. Rd1 1/2-1/2

[Event "Poikovsky Karpov 05th"]
[Site "Poikovsky"]
[Date "2004.03.22"]
[Round "5"]
[White "Sokolov, Ivan"]
[Black "Rublevsky, Sergei"]
[Result "1/2-1/2"]
[WhiteElo "2706"]
[BlackElo "2655"]
[Annotator "Huzman,A"]
[PlyCount "58"]
[EventDate "2004.03.17"]
[EventType "tourn"]
[EventRounds "9"]
[EventCountry "RUS"]
[EventCategory "18"]
[SourceTitle "CBM 100"]
[Source "ChessBase"]
[SourceDate "2004.06.01"]
[SourceVersion "1"]
[SourceVersionDate "2004.06.01"]
[SourceQuality "1"]

1. d4 d5 2. c4 dxc4 3. e4 e5 4. Nf3 Bb4+ 5. Nc3 exd4 6. Qxd4 Qxd4 7. Nxd4 Nf6
8. f3 Bc5 9. Be3 Nc6 10. Ncb5 (10. Rd1 Bxd4 11. Bxd4 Nxd4 12. Rxd4 Be6 13. Nb5
c5 14. Rd2 Ke7 15. Nc7 Rab8 16. Nxe6 fxe6 17. Bxc4 b5 18. Be2 c4 $11 {0-1 Chow,
A-Dlugy,M/Chicago 1989/EXT 99 (59)}) (10. Nc2 Bxe3 11. Nxe3 Be6 12. O-O-O O-O (
12... Ne5 13. Nb5 (13. Be2 c6 14. f4 Neg4 15. Bxg4 Nxg4 16. Nxg4 Bxg4 17. Rd4
b5 18. f5 f6 19. h3 Bh5 20. Rd6 Rc8 21. g4 Bf7 22. Rhd1 h5 $15 {0-1 Saint
Amour,P-Kuchyna,S/ICCF Email 2001 (45)}) 13... O-O (13... Rc8 14. Nxa7 Ra8 15.
Nb5 Rc8 16. Nd4 $1 (16. a3 Ke7 17. Nd4 g5 18. h4 h6 19. Nef5+ Bxf5 20. Nxf5+
Ke6 21. Kc2 Nfd7 22. g3 $16 {1/2-1/2 Seirawan,Y-Ivanchuk,V/Roquebrune 1992/CBM
28 (65)}) 16... c3 17. bxc3 Bxa2 18. c4 $18 {1-0 Stein,R-Bilsel,S/IECC 2000/
Telechess CBM 89 (53)}) 14. Nxc7 Rac8 15. Nxe6 fxe6 16. Kc2 Nfd7 17. Be2 Nc5
18. Rd6 b5 19. Kb1 Kf7 20. f4 Nc6 21. e5 Ke7 $15 {0-1 Kochetkov,G-Shevelev,A/
Beersheba 1998/EXT 2000 (28)}) 13. Bxc4 Rad8 14. Bd5 Bxd5 15. Nexd5 Nxd5 16.
Nxd5 Ne5 17. Rd2 c6 $11 {1/2-1/2 Alburt,L-Leverett,B/Chicago 1989/EXT 97 (34)})
10... Bb6 (10... Nxd4 11. Bxd4 Bxd4 12. Nxd4 Be6 13. Nxe6 fxe6 14. Bxc4 Ke7 15.
Kf2 Rad8 16. Rhd1 g5 17. Ke3 c5 18. a4 $14 {1-0 Lobron,E-Dlugy,M/New York 1992/
TD (46)}) 11. Nc2 $1 (11. Nxc6 Bxe3 $1 (11... bxc6 12. Nd4 Ba5+ 13. Bd2 $16)
12. Nxc7+ (12. Rd1 bxc6 13. Nxc7+ Ke7 14. Nxa8 Bb7 $17) 12... Kd7 13. Nxa8 Kxc6
14. Bxc4 Be6 15. Bxe6 fxe6 16. Ke2 Bh6 17. Rac1+ Bxc1 18. Rxc1+ Kd7 19. Rd1+ (
19. Rc7+ Kd6 20. Rxb7 Rxa8 21. Rxg7 h5) 19... Kc8 20. Rc1+ Kb8 $17) (11. Rd1
Ne5 $11) 11... Ba5+ (11... a6 12. Bxb6 axb5 13. Bxc7 $14) 12. Bd2 Bb6 13. Bf4
a6 14. Bxc7 (14. Nxc7+ Bxc7 15. Bxc7 Be6 $11) 14... axb5 15. Bxb6 Be6 $11 16.
Kf2 (16. Be2 Nd7 17. Be3 Nde5 $11) 16... Nd7 17. Be3 Nde5 18. Nd4 Nxd4 19. Bxd4
f6 $1 20. Be2 Kf7 21. Rhd1 Rhd8 22. a3 (22. Ke3 Nc6 23. Bc5 Rxd1 24. Bxd1 b4
$132) (22. f4 Nd3+ 23. Ke3 Nb4 $11) 22... b4 $1 23. Bc5 bxa3 24. Bxa3 Nd3+ 25.
Bxd3 Rxd3 26. Rxd3 cxd3 27. Rc1 Rd8 28. Ke3 d2 29. Rd1 f5 1/2-1/2

[Event "Corus-B"]
[Site "Wijk aan Zee"]
[Date "2005.01.23"]
[Round "8"]
[White "Nikolic, Predrag"]
[Black "Ernst, Sipke"]
[Result "0-1"]
[WhiteElo "2676"]
[BlackElo "2509"]
[Annotator "Huzman,A"]
[PlyCount "54"]
[EventDate "2005.01.15"]
[EventType "tourn"]
[EventRounds "13"]
[EventCountry "NED"]
[EventCategory "13"]
[SourceTitle "CBM 105"]
[Source "ChessBase"]
[SourceDate "2005.04.11"]
[SourceVersion "1"]
[SourceVersionDate "2005.04.11"]
[SourceQuality "1"]

1. d4 d5 2. c4 dxc4 3. e4 c5 4. d5 Nf6 5. Nc3 b5 6. f3 $6 a6 (6... b4 7. Na4 e6
8. Bg5 (8. Bxc4 exd5 9. exd5 Bd6 10. Ne2 O-O 11. O-O Nbd7 12. Bf4 Qc7 $15 {
0-1 Musicki,S-Peric,S/Tivat 1995/EXT 2002 (40)}) 8... exd5 9. e5 h6 10. exf6
hxg5 11. Qe2+ Be6 12. fxg7 Bxg7 13. Nxc5 Qb6 $17 {0-1 Rjabikin,S-Wiethaup,M/
Pardubice 1993/EXT 2004 (36)}) (6... e6 7. Nxb5 exd5 8. e5 Be6 9. exf6 Nc6 10.
Bf4 Qa5+ 11. Nc3 O-O-O 12. Qa4 $16 {1-0 Kouatly,B-Tersarkissoff,J/France 1994/
EXT 99 (27)}) 7. Bg5 h6 8. Bh4 e6 9. Nge2 (9. dxe6 Qxd1+ 10. Rxd1 fxe6 $17) (9.
e5 g5 $17) 9... Be7 {/\10...Nd5} 10. Bg3 exd5 (10... b4 11. d6 bxc3 12. dxe7
Qxd1+ 13. Rxd1 cxb2 14. Nc3 Nc6 15. Rd2 (15. Bxc4 e5 $5 $17) 15... Nd4 16. Rxb2
Kxe7 17. Bxc4 $44) 11. exd5 Bd6 12. a4 $1 b4 13. Ne4 Nxe4 14. fxe4 O-O (14...
Qe7 $5 15. Bxd6 Qxd6 16. Ng3 Qe5 17. Bxc4 Qxb2 18. O-O $44) 15. e5 Bxe5 $1 {
[%mdl 512]} 16. Bxe5 Re8 {The development advantage and the strong pawns on
the queen's side give Black a strong compensation for the sacrificed piece.}
17. Bg3 (17. Bf4 Qf6 18. Qd2 Bf5 $44) (17. Bxb8 Rxb8 18. Qd2 Bf5 19. Kf2 c3 20.
bxc3 b3 $17) 17... Qf6 18. Qc2 (18. Rc1 $142 Qxb2 (18... Re4 $5) 19. Rxc4 Nd7
$44) (18. Qd2 Bf5 19. Rc1 Bd3 20. b3 Re4 21. bxc4 Bxc4 22. Qc2 Qf5 $44) 18...
Bf5 $1 19. Qxc4 $2 (19. Qd2 $142) 19... Qxb2 20. Rd1 Bc2 $1 $19 21. Bf4 (21.
Rd2 $2 Qc1+ $19) (21. Qxc5 Bxd1 22. Kxd1 Nd7 $19) 21... Re4 22. Qxc5 Nd7 23.
Qc7 (23. Qc6 Rae8 24. Bc1 Qb1 $19) 23... Bxd1 24. Kxd1 Rae8 {[%mdl 128]} 25.
Bd2 (25. Qxd7 Qa1+ 26. Kd2 (26. Nc1 Re1+ 27. Kc2 Qc3+ 28. Kb1 Rxc1+ 29. Bxc1
Re1 $19) (26. Bc1 b3 27. Qb7 Rd4+ $1 28. Nxd4 Qxd4+ 29. Bd2 Qa1+ 30. Bc1 Qc3
$19) 26... Rd4+ $1 27. Kc2 b3+ 28. Kxb3 Qb1+ 29. Kc3 Qd3+ 30. Kb2 Rb4+ $19)
25... Nf6 $1 26. Nc1 (26. Bc1 Qa1 27. Qc6 Ng4 28. Ke1 b3 $19) (26. Qc2 Qa1+ 27.
Qc1 Qxa4+ 28. Qc2 b3 29. Qb2 Qa2 $19) 26... Nxd5 27. Qc2 (27. Nd3 Re1+ $1 28.
Nxe1 (28. Bxe1 Ne3#) 28... Nxc7) 27... Re1+ (27... Re1+ 28. Bxe1 Ne3+ $19) 0-1

[Event "Budapest FS12 GM-A"]
[Site "Budapest"]
[Date "2001.12.03"]
[Round "3"]
[White "Ilincic, Zlatko"]
[Black "Horvath, Jozsef"]
[Result "1/2-1/2"]
[WhiteElo "2521"]
[BlackElo "2551"]
[Annotator "Huzman,A"]
[PlyCount "69"]
[EventDate "2001.11.01"]
[EventType "tourn"]
[EventRounds "13"]
[EventCountry "HUN"]
[EventCategory "10"]
[SourceTitle "CBM 087"]
[Source "ChessBase"]
[SourceDate "2002.03.21"]
[SourceVersion "1"]
[SourceVersionDate "2002.03.21"]
[SourceQuality "1"]

1. d4 d5 2. c4 dxc4 3. e4 e5 4. Nf3 exd4 5. Bxc4 Nc6 6. O-O a6 7. Bd5 $146 (7.
Nbd2 Bc5 8. Qc2 Bb6 9. Nb3 Bg4 10. Ng5 Ne5 11. Bf4 Nxc4 12. Qxc4 Qf6 13. f3 Bd7
14. Qc1 h6 15. e5 Qg6 16. Ne4 Ne7 17. e6 Bc6 18. exf7+ Qxf7 19. Bd6 O-O $17 {
1/2-1/2 Markus,R-Estrada Nieto,J/FSGM February, Budapest HUN 2001 (74)}) (7.
Qe1 Qd7 8. Bd2 Bc5 9. e5 Nd8 10. Bb4 Bxb4 11. Qxb4 Nc6 12. Qd2 Nge7 13. Re1 Qg4
14. Na3 O-O 15. Rad1 Be6 16. Bxe6 fxe6 17. Qg5 Qf5 18. Qxf5 Nxf5 19. Nc2 Rad8
$17 {0-1 Mikrut,D-Karolyi,T/Budapest HUN 2001/(32)}) 7... Nge7 (7... Nf6 8.
Bxc6+ bxc6 9. e5 Nd5 10. Qxd4) (7... Bc5 8. Ng5 (8. Bxc6+ bxc6 9. Qa4 (9. Qc2
Bb6 (9... Qd6 10. Bf4 $1) 10. Qxc6+ Bd7 11. Qc2) (9. Nbd2 Ba7) 9... Ne7 10.
Nbd2 Bb6) 8... Nh6 9. Nxf7 Nxf7 10. Bxf7+ Kxf7 11. Qh5+ Kg8 12. Qxc5 Be6) 8.
Re1 Be6 9. Bxe6 (9. Qb3 Na5 10. Qa4+ Nac6 11. Qb3 $11) 9... fxe6 10. Qb3 Qc8
11. Bf4 (11. Rd1 $5 e5 12. Ng5 Nd8 13. f4 $44) 11... Ng6 12. Bg3 Be7 13. Rd1 e5
(13... Bf6 14. e5 $1 Bxe5 (14... Ngxe5 15. Bxe5 Nxe5 16. Nxe5 Bxe5 $44) 15.
Nxe5 Ngxe5 16. Re1 $44) 14. Nbd2 Bf6 15. Rac1 $44 {[%csl Re8]} Rb8 16. Rc5 Ke7
17. Nc4 {[%csl Re5]} Qe6 18. Ncxe5 Ngxe5 19. Nxe5 (19. Bxe5 Bxe5 (19... Nxe5
20. Rxc7+ Nd7 21. Nxd4 Bxd4 (21... Qxb3 22. Nxb3 Rhd8 23. Nc5 Rbc8 24. Rxc8
Rxc8 25. Rxd7+ Ke8 26. Rd5 $16)) 20. Nxe5 Nxe5 21. Rxc7+ Kf6 (21... Nd7 22.
Rxd4 Rhd8 23. Qg3 Rbc8 24. Qxg7+ Ke8 $11)) 19... Bxe5 20. Bxe5 Nxe5 21. Rxc7+
Kf6 22. f4 Qxb3 23. fxe5+ Kxe5 24. axb3 g6 25. Rd7 (25. Re7+ Kd6 26. Rg7 Ke5
$11) 25... Rhd8 26. R1xd4 Rxd7 27. Rxd7 Kxe4 28. Rxh7 b5 $44 29. Rc7 Rd8 $11
30. Rc6 Rd1+ 31. Kf2 Rd2+ 32. Kg3 Kf5 33. Rc5+ Kf6 34. Rc6+ Kf5 35. Rc5+
1/2-1/2